LEADER 01124nam a2200265 u 4500 001 000000068527 003 CaOOAMICUS 005 20070226121816.0 008 020312s1974 it u000 u ita u 035 $a10923560 040 $aPUL(R)$bita 100 1 $aLepre, Aurelio.$0(OLS)http://pul/name/45591 245 10$aDal crollo del fascismo all'egemonia moderata :$bl'Italia dal 1943 al 1947 /$cAurelio Lepre. 260 $aNapoli :$bGuida,$c1974. 300 $a346 p. ;$c22 cm 490 1 $aStoria.$aDocumenti ;$v4 651 4$aItalia$xStoria$y1943-1945.$0(OLS)http://pul/subject/14253 651 4$aItalia$xPolitica e governo$y1945-$0(OLS)http://pul/subject/16404 830 0$aStoria.$pDocumenti ;$v4.$0(OLS)http://pul/title/90639 850 $aPUL 852 $aPUL$W1$xSL Filosofia 1$y2$m117 G 39$j88624$nBK-PRI$b $qStampati$B88624$CPULBib$Z2$F88624 $H $81 941 1 $a8 961 $aINV: 63787 996 $6245$aDal crollo del fascismo all'egemonia moderata :$bl'Italia dal 1943 al 1947$9(OLS)http://pul/title/90638 996 $6260$aNapoli :$bGuida$9(OLS)http://pul/publisher/50764 LEADER 02152nam a2200385 a 4500 001 000000122731 003 CaOOAMICUS 005 20101011143205.0 008 100825t2008 it u000 u ita r 020 $z88-323-6091-2* 040 $aPUL$bita$dReb 041 0 $aita$afre$aeng$agrc$aheb 245 03$aIl mio cuore č a Oriente :$bstudi di linguistica storica, filologia e cultura ebraica dedicati a Maria Luisa Mayer Modena /$ca cura di Francesco Aspesi, Vermondo Brugnatelli, Anna Linda Callow, Claudia Rosenzweig. 260 $aMilano :$bCisalpino,$c©2008. 300 $a816 p. ;$c24 cm. 490 1 $aQuaderni di Acme ;$v101 500 $aIn testa al front.: Universitą degli studi di Milano. Facoltą di lettere e filosofia. 504 $aBibliografia p. 785-796. 546 $aTesto in italiano, francese, inglese, greco, ed ebraico. 600 14$aMayer Modena, Maria Luisa$xOnoranze.$0(OLS)http://pul/subject/37152 650 4$aLinguistica$xStudi.$0(OLS)http://pul/subject/1953 650 4$aFilologia ebraica.$0(OLS)http://pul/subject/21320 700 1 $aBrugnatelli, Vermondo.$0(OLS)http://pul/name/77109 700 1 $aCallow, Anna Linda.$0(OLS)http://pul/name/77110 700 1 $aAspesi, Francesco,$d1938-$0(OLS)http://pul/name/77111 700 1 $aRosenzweig, Claudia.$0(OLS)http://pul/name/77112 710 2 $aUniversitą degli studi di Milano.$bFacoltą di lettere e filosofia.$0(OLS)http://pul/name/64245 830 0$aQuaderni di Acme ;$v101.$0(OLS)http://pul/title/6215 850 $aPUL 852 $aPUL$W1$xDP1 Riviste Correnti$y15$m1095 C 101$j140964$qPeriodici$B140044$CPULBib$Z2$F140044 $H114691 $82 852 $aPUL$W1$xDP1 Riviste Correnti$y15$m1095 C 101$j140964$a2. copia$qPeriodici$B140862$CPULBib$Z2$F140862 $H114995 $82 941 1 $a5 996 $6020$z88-323-6091-2*$9(OLS)http://pul/number/145155 996 $6245$aIl mio cuore č a Oriente :$bstudi di linguistica storica, filologia e cultura ebraica dedicati a Maria Luisa Mayer Modena$9(OLS)http://pul/title/154704 996 $6260$aMilano :$bCisalpino$9(OLS)http://pul/publisher/58953